Numbers 0-9 - Statistics

General Stats
  • This quiz has been taken 80 times
  • The average score is 9 of 10
Answer Stats
Answer % Correct
1
100%
2
92%
3
92%
5
92%
0
85%
4
85%
6
85%
7
85%
8
85%
9
85%
No matching quizzes found
Score Distribution
Percent of People with Each Score
Percentile by Number Answered
Your Score History
You have not taken this quiz